|
|
|
|
| LEADER |
00000nam a2200000 a 4500 |
| 001 |
vtls001253025 |
| 003 |
SK-MaSNL |
| 005 |
20260413122755.0 |
| 008 |
250414s1991 xo 0 slo |
| 035 |
|
|
|a SNK000203844
|
| 040 |
|
|
|a SNK
|b slo
|c SNK
|e AACR2
|
| 041 |
0 |
|
|a slo
|
| 044 |
|
|
|a xo
|c SK
|
| 080 |
|
|
|a 785.7:787.1/.4
|2 1981
|
| 080 |
|
|
|a 787.1/.4
|2 1981
|
| 100 |
1 |
|
|a Vivaldi, Antonio,
|d 1678-1741
|4 aut
|9 99645
|
| 245 |
1 |
0 |
|a Concertos for two violins, string orchestra and basso continuo
|h Audiozáznam
|c Antonio Vivaldi ; Hrajú Virtuosi di Praga ; Na husliach hrá Josef Suk, Oldřich Vlček
|
| 260 |
|
|
|a Praha
|b Supraphon
|c 1991
|
| 300 |
|
|
|a 2 s.
|
| 500 |
|
|
|a 1.Concerto in C minor F.I. No. 12, R. 509. 2.Concerto in B flat major F.I. No. 40, R. 524. 3.Concerto in A minor F.I. No. 61, R. 523. 4.Concerto in D minor F.I. No. 100, R. 514. 5.Concerto in A minor F.I. No. 177, R. 522
|
| 700 |
1 |
|
|a Suk, Josef,
|d 1874-1935
|4 uci
|9 246095
|
| 700 |
1 |
|
|a Vlček, Oldřich
|4 uci
|9 380992
|
| 710 |
2 |
|
|a Virtuosi di Praga
|4 uci
|9 380994
|
| 852 |
|
|
|a Slovenská národná knižnica
|
| 954 |
|
|
|a hudba komorná
|a koncerty
|
| 999 |
|
|
|c 1055113
|d 1057043
|
| 952 |
|
|
|t P60, <03>, [BOOK], {603}
|a SNK
|b SNK
|y PREZ
|7 0
|p 17A0201688
|o snkK 1069
|i snkJK 55/92
|0 0
|1 0
|4 0
|d 2000-09-26
|l 0
|r 2005-01-01 00:00:00
|w 2026-02-24
|